000 00807nam a2200229Ia 4500
001 9638
003 GE_BSU
008 181216s||||||||xx |||||||||||||| ||und||
040 _cGE_BSU
080 _a821.353.1–2
100 _aმრევლიშვილი,მიხეილ.
245 _aნიკოლოზ ბარათაშვილი(ბედი მგოსნისა)
245 _bპიესა 4 მოქმ. და 8 სურ.
245 _cრედ. რ.გვეტაძე
260 _aთბილისი
260 _bსაბჭ.მწერალი
260 _c1950
300 _a161გვ.15სმ.
653 _aნიკოლოზ ბარათაშვილი(ბედი მგოსნისა)
653 _aპიესა
942 _cBK
999 _c42922
_d42922